000 00303nam a22001337a 4500
008 171103b xxu||||| |||| 00| 0 eng d
020 _a9780073530055
041 _aeng
080 _210 ED
_a339.138
100 _a60
101 _aMAR
245 _aMARKETING MANAGEMENT
_cPETER.J.P
942 _2udc
_cBK
999 _c37560
_d37560